Biggest and Smallest % of Population in the capital city - Statistics

General Stats
  • This quiz has been taken 327 times
  • The average score is 7 of 20
Answer Stats
Hint Answer % Correct
100% Vatican City
87%
100% Monaco
82%
100% Singapore
76%
0.21% United States
73%
1.52% China
70%
1.33% Brazil
64%
0.90% India
63%
1.53% Australia
52%
0.48% Pakistan
36%
0.45% Nigeria
35%
66.85% Qatar
27%
54.45% Djibouti
12%
0.58% Sri Lanka
11%
45.48% Tuvalu
11%
0.80% Tanzania
10%
1.51% Switzerland
8%
48.26% Marshall Islands
7%
65.97% Bahamas
6%
40.26% Jordan
4%
47.13% Suriname
4%
No matching quizzes found
Score Distribution
Percent of People with Each Score
Percentile by Number Answered
Your Score History
You have not taken this quiz